LEADER 00815nam0-22003011i-450- 001 990007998840403321 005 20080616151422.0 035 $a000799884 035 $aFED01000799884 035 $a(Aleph)000799884FED01 035 $a000799884 100 $a20050204d1956----km-y0itay50------ba 101 0 $aeng 102 $aGB 105 $ay---j---001y- 200 1 $aBiology of root-infecting fungi$fS.D. Garrett 210 $aCambridge$cCambridge University Press$d1956 215 $aXI, 293 p.$d22 cm 610 0 $aMicologia 676 $a589 700 1$aGarrett,$bS. D.$0284697 801 0$aIT$bUNINA$gRICA$2UNIMARC 901 $aBK 912 $a990007998840403321 952 $a60 DONO NOVIELLO 48$b9756$fFAGBC 959 $aFAGBC 996 $aBiology of root-infecting fungi$9750008 997 $aUNINA LEADER 01747nas 2200409 n 450 001 990008897860403321 005 20240229084332.0 011 $a1125-8683 035 $a000889786 035 $aFED01000889786 035 $a(Aleph)000889786FED01 035 $a000889786 091 $2CNR$aP 00092457 100 $a20090724b19301937km-y0itaa50------ba 101 0 $aita 102 $aIT 110 $aauu-------- 200 1 $aAnnali della Facoltà di Filosofia e Lettere. Università di Cagliari 207 1$a1930-1937 210 $aRoma$cUniversità di Cagliari 430 0$12001$aAnnali della Facoltà di Lettere e Filosofia 440 0$12001$aAnnali della Facoltà di Lettere e Filosofia [1938] 530 0 $aAnnali della Facoltà di Filosofia e Lettere 675 $a1 675 $a82 675 $a378 712 02$aUniversità degli studi di Cagliari.$bFacoltà di lettere e filosofia 801 0$aIT$bACNP$c20090723 859 4 $uhttp://acnp.cib.unibo.it/cgi-ser/start/it/cnr/dc-p1.tcl?catno=61688&person=false&language=ITALIANO&libr=&libr_th=unina1$zBiblioteche che possiedono il periodico 901 $aSE 912 $a990008897860403321 958 $aBRAU. Biblioteca di Ricerca di Area Umanistica$b1951-1988.$d1952;$eITALIA 145$fFLFBC 959 $aFLFBC 996 $aAnnali della Facoltà di Filosofia e Lettere. Università di Cagliari$9801152 997 $aUNINA AP1 8 $6866-01$aNA072 BRAU. Biblioteca di Ricerca di Area Umanistica$bITALIA 145$ePiazza Bellini 56/60, 80133 Napoli (NA)$m(081) 2533948$nit AP2 40$aacnp.cib.unibo.it$nACNP Italian Union Catalogue of Serials$uhttp://acnp.cib.unibo.it/cgi-ser/start/it/cnr/df-p.tcl?catno=61688&language=ITALIANO&libr=&person=&B=1&libr_th=unina&proposto=NO